| 000 | 00434nam a2200181Ia 4500 | ||
|---|---|---|---|
| 003 | 0STCL | ||
| 008 | 150530s9999 xx 000 0 und d | ||
| 040 |
_aSTCL _cSTCL |
||
| 100 | _aSurendran, K. | ||
| 245 | _aKalayum Samanya Janagalum | ||
| 250 | _a1 | ||
| 260 |
_bSahithya Pravarthaka Co Operative Society ; Kottay _c1953 |
||
| 300 | _a0 | ||
| 546 | _aMalayalam | ||
| 942 |
_2ddc _cBK |
||
| 999 |
_c79927 _d79927 |
||
| 005 | 20220125171730.0 | ||